El techo de cristal: los obstáculos para la participación de los mujeres en el poder político
保存先:
| フォーマット: | テキスト |
|---|---|
| タグ: |
タグ追加
タグなし, このレコードへの初めてのタグを付けませんか!
|
MARC
| LEADER | 00000 a a2200000 04500 | ||
|---|---|---|---|
| 001 | 46611 | ||
| 003 | |||
| 040 | |||
| 245 | |a El techo de cristal: |b los obstáculos para la participación de los mujeres en el poder político | ||
| 773 | |g páginas 19-54 | ||
| 999 | |c 21851 |d 21851 | ||
